| 000 | 00472nam a2200193Ia 4500 | ||
|---|---|---|---|
| 005 | 20250425160815.0 | ||
| 008 | 250425s9999 xx 000 0 und d | ||
| 041 | _aspa | ||
| 082 | _a515 | ||
| 100 | _aAPOSTOL, TOM M. | ||
| 245 | 0 | _aANALISIS MATEMATICO: INTRODUCCIÓN MODERNA AL CALCULO SUPERIOR | |
| 250 | _aS.E. | ||
| 260 | _aBARCELONA | ||
| 260 |
_aEspaña _bREVERTE _c1960 |
||
| 300 | _a534 | ||
| 650 | _aANALISIS MATEMATICO | ||
| 942 | _c01 | ||
| 010 | _a5719 | ||
| 999 |
_c196520 _d196520 |
||